<?xml version="1.0" encoding="UTF-8"?>
<record
    xmlns:xsi="http://www.w3.org/2001/XMLSchema-instance"
    xsi:schemaLocation="http://www.loc.gov/MARC21/slim http://www.loc.gov/standards/marcxml/schema/MARC21slim.xsd"
    xmlns="http://www.loc.gov/MARC21/slim">

  <leader>00510nam a2200205   4500</leader>
  <controlfield tag="003">SEACOMEC</controlfield>
  <controlfield tag="005">20230929071933.0</controlfield>
  <controlfield tag="008">230929b        |||||||| |||| 00| 0 eng d</controlfield>
  <datafield tag="020" ind1=" " ind2=" ">
    <subfield code="c">450.00</subfield>
  </datafield>
  <datafield tag="040" ind1=" " ind2=" ">
    <subfield code="a">SEACOMEC</subfield>
  </datafield>
  <datafield tag="082" ind1=" " ind2=" ">
    <subfield code="a">620.106</subfield>
    <subfield code="b">TEX</subfield>
  </datafield>
  <datafield tag="100" ind1=" " ind2=" ">
    <subfield code="a">Bansal, R.K</subfield>
  </datafield>
  <datafield tag="245" ind1=" " ind2=" ">
    <subfield code="a">A Textbook of Fluid Mechanics &amp; Hydraulic Machine</subfield>
  </datafield>
  <datafield tag="250" ind1=" " ind2=" ">
    <subfield code="a">9th Edition</subfield>
  </datafield>
  <datafield tag="260" ind1=" " ind2=" ">
    <subfield code="a">Kolkata</subfield>
    <subfield code="b">Laxmi Publication</subfield>
    <subfield code="c">2005</subfield>
  </datafield>
  <datafield tag="600" ind1=" " ind2=" ">
    <subfield code="a">R.K Bansal</subfield>
  </datafield>
  <datafield tag="650" ind1=" " ind2=" ">
    <subfield code="a">Mechanical Science</subfield>
  </datafield>
  <datafield tag="700" ind1=" " ind2=" ">
    <subfield code="a">Bansal R.K</subfield>
  </datafield>
  <datafield tag="942" ind1=" " ind2=" ">
    <subfield code="c">BOOK</subfield>
  </datafield>
  <datafield tag="952" ind1=" " ind2=" ">
    <subfield code="0">0</subfield>
    <subfield code="1">0</subfield>
    <subfield code="2">ddc</subfield>
    <subfield code="4">0</subfield>
    <subfield code="7">0</subfield>
    <subfield code="a">SEACOMEC</subfield>
    <subfield code="b">SEACOMEC</subfield>
    <subfield code="d">2024-05-30</subfield>
    <subfield code="l">0</subfield>
    <subfield code="o">620.106 TEX</subfield>
    <subfield code="p">BB4180</subfield>
    <subfield code="r">2024-05-30 11:31:53</subfield>
    <subfield code="w">2024-05-30</subfield>
    <subfield code="y">BBK</subfield>
  </datafield>
  <datafield tag="952" ind1=" " ind2=" ">
    <subfield code="0">0</subfield>
    <subfield code="1">0</subfield>
    <subfield code="2">ddc</subfield>
    <subfield code="4">0</subfield>
    <subfield code="7">0</subfield>
    <subfield code="a">SEACOMEC</subfield>
    <subfield code="b">SEACOMEC</subfield>
    <subfield code="d">2024-05-30</subfield>
    <subfield code="l">1</subfield>
    <subfield code="m">1</subfield>
    <subfield code="o">620.106 TEX</subfield>
    <subfield code="p">BB4181</subfield>
    <subfield code="q">2026-04-28</subfield>
    <subfield code="r">2026-04-06 16:14:52</subfield>
    <subfield code="s">2026-04-06</subfield>
    <subfield code="t">1</subfield>
    <subfield code="w">2024-05-30</subfield>
    <subfield code="y">BBK</subfield>
  </datafield>
  <datafield tag="952" ind1=" " ind2=" ">
    <subfield code="0">0</subfield>
    <subfield code="1">0</subfield>
    <subfield code="2">ddc</subfield>
    <subfield code="4">0</subfield>
    <subfield code="7">0</subfield>
    <subfield code="a">SEACOMEC</subfield>
    <subfield code="b">SEACOMEC</subfield>
    <subfield code="d">2024-05-30</subfield>
    <subfield code="l">0</subfield>
    <subfield code="o">620.106 TEX</subfield>
    <subfield code="p">BB4182</subfield>
    <subfield code="r">2024-05-30 11:39:19</subfield>
    <subfield code="t">2</subfield>
    <subfield code="w">2024-05-30</subfield>
    <subfield code="y">BBK</subfield>
  </datafield>
  <datafield tag="952" ind1=" " ind2=" ">
    <subfield code="0">0</subfield>
    <subfield code="1">0</subfield>
    <subfield code="2">ddc</subfield>
    <subfield code="4">0</subfield>
    <subfield code="7">0</subfield>
    <subfield code="a">SEACOMEC</subfield>
    <subfield code="b">SEACOMEC</subfield>
    <subfield code="d">2024-05-30</subfield>
    <subfield code="l">0</subfield>
    <subfield code="o">620.106 TEX</subfield>
    <subfield code="p">BB4183</subfield>
    <subfield code="r">2024-05-30 11:39:19</subfield>
    <subfield code="t">3</subfield>
    <subfield code="w">2024-05-30</subfield>
    <subfield code="y">BBK</subfield>
  </datafield>
  <datafield tag="952" ind1=" " ind2=" ">
    <subfield code="0">0</subfield>
    <subfield code="1">0</subfield>
    <subfield code="2">ddc</subfield>
    <subfield code="4">0</subfield>
    <subfield code="7">0</subfield>
    <subfield code="a">SEACOMEC</subfield>
    <subfield code="b">SEACOMEC</subfield>
    <subfield code="d">2024-05-30</subfield>
    <subfield code="l">1</subfield>
    <subfield code="o">620.106 TEX</subfield>
    <subfield code="p">BB4184</subfield>
    <subfield code="q">2026-05-05</subfield>
    <subfield code="r">2026-04-21 15:03:15</subfield>
    <subfield code="s">2026-04-21</subfield>
    <subfield code="t">4</subfield>
    <subfield code="w">2024-05-30</subfield>
    <subfield code="y">BBK</subfield>
  </datafield>
  <datafield tag="952" ind1=" " ind2=" ">
    <subfield code="0">0</subfield>
    <subfield code="1">0</subfield>
    <subfield code="2">ddc</subfield>
    <subfield code="4">0</subfield>
    <subfield code="7">0</subfield>
    <subfield code="a">SEACOMEC</subfield>
    <subfield code="b">SEACOMEC</subfield>
    <subfield code="d">2024-05-30</subfield>
    <subfield code="l">0</subfield>
    <subfield code="o">620.106 TEX</subfield>
    <subfield code="p">BB4185</subfield>
    <subfield code="r">2024-05-30 11:39:19</subfield>
    <subfield code="t">5</subfield>
    <subfield code="w">2024-05-30</subfield>
    <subfield code="y">BBK</subfield>
  </datafield>
  <datafield tag="952" ind1=" " ind2=" ">
    <subfield code="0">0</subfield>
    <subfield code="1">0</subfield>
    <subfield code="2">ddc</subfield>
    <subfield code="4">0</subfield>
    <subfield code="7">0</subfield>
    <subfield code="a">SEACOMEC</subfield>
    <subfield code="b">SEACOMEC</subfield>
    <subfield code="d">2024-05-30</subfield>
    <subfield code="l">0</subfield>
    <subfield code="o">620.106 TEX</subfield>
    <subfield code="p">BB4186</subfield>
    <subfield code="r">2024-05-30 11:39:19</subfield>
    <subfield code="t">6</subfield>
    <subfield code="w">2024-05-30</subfield>
    <subfield code="y">BBK</subfield>
  </datafield>
  <datafield tag="952" ind1=" " ind2=" ">
    <subfield code="0">0</subfield>
    <subfield code="1">0</subfield>
    <subfield code="2">ddc</subfield>
    <subfield code="4">0</subfield>
    <subfield code="7">0</subfield>
    <subfield code="a">SEACOMEC</subfield>
    <subfield code="b">SEACOMEC</subfield>
    <subfield code="d">2024-05-30</subfield>
    <subfield code="l">0</subfield>
    <subfield code="o">620.106 TEX</subfield>
    <subfield code="p">BB4187</subfield>
    <subfield code="r">2024-05-30 11:39:19</subfield>
    <subfield code="t">7</subfield>
    <subfield code="w">2024-05-30</subfield>
    <subfield code="y">BBK</subfield>
  </datafield>
  <datafield tag="952" ind1=" " ind2=" ">
    <subfield code="0">0</subfield>
    <subfield code="1">0</subfield>
    <subfield code="2">ddc</subfield>
    <subfield code="4">0</subfield>
    <subfield code="7">0</subfield>
    <subfield code="a">SEACOMEC</subfield>
    <subfield code="b">SEACOMEC</subfield>
    <subfield code="d">2024-05-30</subfield>
    <subfield code="l">0</subfield>
    <subfield code="o">620.106 TEX</subfield>
    <subfield code="p">BB4188</subfield>
    <subfield code="r">2024-05-30 11:39:19</subfield>
    <subfield code="t">8</subfield>
    <subfield code="w">2024-05-30</subfield>
    <subfield code="y">BBK</subfield>
  </datafield>
  <datafield tag="952" ind1=" " ind2=" ">
    <subfield code="0">0</subfield>
    <subfield code="1">0</subfield>
    <subfield code="2">ddc</subfield>
    <subfield code="4">0</subfield>
    <subfield code="7">0</subfield>
    <subfield code="a">SEACOMEC</subfield>
    <subfield code="b">SEACOMEC</subfield>
    <subfield code="d">2024-05-30</subfield>
    <subfield code="l">0</subfield>
    <subfield code="o">620.106 TEX</subfield>
    <subfield code="p">BB4189</subfield>
    <subfield code="r">2024-05-30 11:39:19</subfield>
    <subfield code="t">9</subfield>
    <subfield code="w">2024-05-30</subfield>
    <subfield code="y">BBK</subfield>
  </datafield>
  <datafield tag="952" ind1=" " ind2=" ">
    <subfield code="0">0</subfield>
    <subfield code="1">0</subfield>
    <subfield code="2">ddc</subfield>
    <subfield code="4">0</subfield>
    <subfield code="7">0</subfield>
    <subfield code="a">SEACOMEC</subfield>
    <subfield code="b">SEACOMEC</subfield>
    <subfield code="d">2024-05-30</subfield>
    <subfield code="l">0</subfield>
    <subfield code="o">620.106 TEX</subfield>
    <subfield code="p">BB4190</subfield>
    <subfield code="r">2024-05-30 11:39:19</subfield>
    <subfield code="t">10</subfield>
    <subfield code="w">2024-05-30</subfield>
    <subfield code="y">BBK</subfield>
  </datafield>
  <datafield tag="952" ind1=" " ind2=" ">
    <subfield code="0">0</subfield>
    <subfield code="1">0</subfield>
    <subfield code="2">ddc</subfield>
    <subfield code="4">0</subfield>
    <subfield code="7">0</subfield>
    <subfield code="a">SEACOMEC</subfield>
    <subfield code="b">SEACOMEC</subfield>
    <subfield code="d">2024-05-30</subfield>
    <subfield code="l">0</subfield>
    <subfield code="o">620.106 TEX</subfield>
    <subfield code="p">BB4191</subfield>
    <subfield code="r">2024-05-30 11:39:19</subfield>
    <subfield code="t">11</subfield>
    <subfield code="w">2024-05-30</subfield>
    <subfield code="y">BBK</subfield>
  </datafield>
  <datafield tag="952" ind1=" " ind2=" ">
    <subfield code="0">0</subfield>
    <subfield code="1">0</subfield>
    <subfield code="2">ddc</subfield>
    <subfield code="4">0</subfield>
    <subfield code="7">0</subfield>
    <subfield code="a">SEACOMEC</subfield>
    <subfield code="b">SEACOMEC</subfield>
    <subfield code="d">2024-05-30</subfield>
    <subfield code="l">0</subfield>
    <subfield code="o">620.106 TEX</subfield>
    <subfield code="p">BB4192</subfield>
    <subfield code="r">2024-05-30 11:39:19</subfield>
    <subfield code="t">12</subfield>
    <subfield code="w">2024-05-30</subfield>
    <subfield code="y">BBK</subfield>
  </datafield>
  <datafield tag="952" ind1=" " ind2=" ">
    <subfield code="0">0</subfield>
    <subfield code="1">0</subfield>
    <subfield code="2">ddc</subfield>
    <subfield code="4">0</subfield>
    <subfield code="7">0</subfield>
    <subfield code="a">SEACOMEC</subfield>
    <subfield code="b">SEACOMEC</subfield>
    <subfield code="d">2024-05-30</subfield>
    <subfield code="l">0</subfield>
    <subfield code="o">620.106 TEX</subfield>
    <subfield code="p">BB4193</subfield>
    <subfield code="r">2024-05-30 11:39:19</subfield>
    <subfield code="t">13</subfield>
    <subfield code="w">2024-05-30</subfield>
    <subfield code="y">BBK</subfield>
  </datafield>
  <datafield tag="952" ind1=" " ind2=" ">
    <subfield code="0">0</subfield>
    <subfield code="1">0</subfield>
    <subfield code="2">ddc</subfield>
    <subfield code="4">0</subfield>
    <subfield code="7">0</subfield>
    <subfield code="a">SEACOMEC</subfield>
    <subfield code="b">SEACOMEC</subfield>
    <subfield code="d">2024-05-30</subfield>
    <subfield code="l">0</subfield>
    <subfield code="o">620.106 TEX</subfield>
    <subfield code="p">BB4194</subfield>
    <subfield code="r">2024-05-30 11:39:19</subfield>
    <subfield code="t">14</subfield>
    <subfield code="w">2024-05-30</subfield>
    <subfield code="y">BBK</subfield>
  </datafield>
  <datafield tag="952" ind1=" " ind2=" ">
    <subfield code="0">0</subfield>
    <subfield code="1">0</subfield>
    <subfield code="2">ddc</subfield>
    <subfield code="4">0</subfield>
    <subfield code="7">0</subfield>
    <subfield code="a">SEACOMEC</subfield>
    <subfield code="b">SEACOMEC</subfield>
    <subfield code="d">2024-05-30</subfield>
    <subfield code="l">0</subfield>
    <subfield code="o">620.106 TEX</subfield>
    <subfield code="p">BB4195</subfield>
    <subfield code="r">2024-05-30 11:39:19</subfield>
    <subfield code="t">15</subfield>
    <subfield code="w">2024-05-30</subfield>
    <subfield code="y">BBK</subfield>
  </datafield>
  <datafield tag="952" ind1=" " ind2=" ">
    <subfield code="0">0</subfield>
    <subfield code="1">0</subfield>
    <subfield code="2">ddc</subfield>
    <subfield code="4">0</subfield>
    <subfield code="7">0</subfield>
    <subfield code="a">SEACOMEC</subfield>
    <subfield code="b">SEACOMEC</subfield>
    <subfield code="d">2024-05-30</subfield>
    <subfield code="l">0</subfield>
    <subfield code="o">620.106 TEX</subfield>
    <subfield code="p">BB4196</subfield>
    <subfield code="r">2024-05-30 11:39:19</subfield>
    <subfield code="t">16</subfield>
    <subfield code="w">2024-05-30</subfield>
    <subfield code="y">BBK</subfield>
  </datafield>
  <datafield tag="952" ind1=" " ind2=" ">
    <subfield code="0">0</subfield>
    <subfield code="1">0</subfield>
    <subfield code="2">ddc</subfield>
    <subfield code="4">0</subfield>
    <subfield code="7">0</subfield>
    <subfield code="a">SEACOMEC</subfield>
    <subfield code="b">SEACOMEC</subfield>
    <subfield code="d">2024-05-30</subfield>
    <subfield code="l">0</subfield>
    <subfield code="o">620.106 TEX</subfield>
    <subfield code="p">BB4197</subfield>
    <subfield code="r">2024-05-30 11:39:19</subfield>
    <subfield code="t">17</subfield>
    <subfield code="w">2024-05-30</subfield>
    <subfield code="y">BBK</subfield>
  </datafield>
  <datafield tag="952" ind1=" " ind2=" ">
    <subfield code="0">0</subfield>
    <subfield code="1">0</subfield>
    <subfield code="2">ddc</subfield>
    <subfield code="4">0</subfield>
    <subfield code="7">0</subfield>
    <subfield code="a">SEACOMEC</subfield>
    <subfield code="b">SEACOMEC</subfield>
    <subfield code="d">2024-05-30</subfield>
    <subfield code="l">0</subfield>
    <subfield code="o">620.106 TEX</subfield>
    <subfield code="p">BB4198</subfield>
    <subfield code="r">2024-05-30 11:39:19</subfield>
    <subfield code="t">18</subfield>
    <subfield code="w">2024-05-30</subfield>
    <subfield code="y">BBK</subfield>
  </datafield>
  <datafield tag="952" ind1=" " ind2=" ">
    <subfield code="0">0</subfield>
    <subfield code="1">0</subfield>
    <subfield code="2">ddc</subfield>
    <subfield code="4">0</subfield>
    <subfield code="7">0</subfield>
    <subfield code="a">SEACOMEC</subfield>
    <subfield code="b">SEACOMEC</subfield>
    <subfield code="d">2024-05-30</subfield>
    <subfield code="l">0</subfield>
    <subfield code="o">620.106 TEX</subfield>
    <subfield code="p">BB4199</subfield>
    <subfield code="r">2024-05-30 11:39:19</subfield>
    <subfield code="t">19</subfield>
    <subfield code="w">2024-05-30</subfield>
    <subfield code="y">BBK</subfield>
  </datafield>
  <datafield tag="952" ind1=" " ind2=" ">
    <subfield code="0">0</subfield>
    <subfield code="1">0</subfield>
    <subfield code="2">ddc</subfield>
    <subfield code="4">0</subfield>
    <subfield code="7">0</subfield>
    <subfield code="a">SEACOMEC</subfield>
    <subfield code="b">SEACOMEC</subfield>
    <subfield code="d">2024-05-30</subfield>
    <subfield code="l">0</subfield>
    <subfield code="o">620.106 TEX</subfield>
    <subfield code="p">BB4200</subfield>
    <subfield code="r">2024-05-30 11:39:19</subfield>
    <subfield code="t">20</subfield>
    <subfield code="w">2024-05-30</subfield>
    <subfield code="y">BBK</subfield>
  </datafield>
  <datafield tag="952" ind1=" " ind2=" ">
    <subfield code="0">0</subfield>
    <subfield code="1">0</subfield>
    <subfield code="2">ddc</subfield>
    <subfield code="4">0</subfield>
    <subfield code="7">0</subfield>
    <subfield code="a">SEACOMEC</subfield>
    <subfield code="b">SEACOMEC</subfield>
    <subfield code="d">2024-05-30</subfield>
    <subfield code="l">0</subfield>
    <subfield code="o">620.106 TEX</subfield>
    <subfield code="p">BB4201</subfield>
    <subfield code="r">2024-05-30 11:39:19</subfield>
    <subfield code="t">21</subfield>
    <subfield code="w">2024-05-30</subfield>
    <subfield code="y">BBK</subfield>
  </datafield>
  <datafield tag="952" ind1=" " ind2=" ">
    <subfield code="0">0</subfield>
    <subfield code="1">0</subfield>
    <subfield code="2">ddc</subfield>
    <subfield code="4">0</subfield>
    <subfield code="7">0</subfield>
    <subfield code="a">SEACOMEC</subfield>
    <subfield code="b">SEACOMEC</subfield>
    <subfield code="d">2024-05-30</subfield>
    <subfield code="l">0</subfield>
    <subfield code="o">620.106 TEX</subfield>
    <subfield code="p">BB4202</subfield>
    <subfield code="r">2024-05-30 11:45:09</subfield>
    <subfield code="t">22</subfield>
    <subfield code="w">2024-05-30</subfield>
    <subfield code="y">BBK</subfield>
  </datafield>
  <datafield tag="952" ind1=" " ind2=" ">
    <subfield code="0">0</subfield>
    <subfield code="1">0</subfield>
    <subfield code="2">ddc</subfield>
    <subfield code="4">0</subfield>
    <subfield code="7">0</subfield>
    <subfield code="a">SEACOMEC</subfield>
    <subfield code="b">SEACOMEC</subfield>
    <subfield code="d">2024-05-30</subfield>
    <subfield code="l">0</subfield>
    <subfield code="o">620.106 TEX</subfield>
    <subfield code="p">BB4203</subfield>
    <subfield code="r">2024-05-30 11:45:09</subfield>
    <subfield code="t">23</subfield>
    <subfield code="w">2024-05-30</subfield>
    <subfield code="y">BBK</subfield>
  </datafield>
  <datafield tag="952" ind1=" " ind2=" ">
    <subfield code="0">0</subfield>
    <subfield code="1">0</subfield>
    <subfield code="2">ddc</subfield>
    <subfield code="4">0</subfield>
    <subfield code="7">0</subfield>
    <subfield code="a">SEACOMEC</subfield>
    <subfield code="b">SEACOMEC</subfield>
    <subfield code="d">2024-05-30</subfield>
    <subfield code="l">0</subfield>
    <subfield code="o">620.106 TEX</subfield>
    <subfield code="p">BB4204</subfield>
    <subfield code="r">2024-05-30 11:45:09</subfield>
    <subfield code="t">24</subfield>
    <subfield code="w">2024-05-30</subfield>
    <subfield code="y">BBK</subfield>
  </datafield>
  <datafield tag="999" ind1=" " ind2=" ">
    <subfield code="c">15</subfield>
    <subfield code="d">15</subfield>
  </datafield>
</record>
